LEADER 00840nam0-22003131i-450 001 990001779970403321 005 20190520091629.0 010 $a0-8247-8990-3 035 $a000177997 035 $aFED01000177997 035 $a(Aleph)000177997FED01 035 $a000177997 100 $a20021010d1993----km-y0itay50------ba 101 0 $aita 200 1 $aAdvanced engineered pesticides$fedited by Leo Kim. 210 $aNew York$cMarcel Dekker$d1993 215 $aXII, 430 p.$d23 cm 610 0 $aAntiparassitari 610 0 $aControllo biologico 676 $a632.96 702 1$aKim,$bLeo 801 0$aIT$bUNINA$gRICA$2UNIMARC 901 $aBK 912 $a990001779970403321 952 $a60 632.96 KIML 1993$b4295$fFAGBC 959 $aFAGBC 996 $aADVANCED engineered pesticides$9409568 997 $aUNINA DB $aING01 LEADER 02267oem 22005534a 450 001 9910698703503321 005 20090430111117.0 035 $a(CKB)5470000002396825 035 $a(OCoLC)259988172 035 $a(EXLCZ)995470000002396825 100 $a20081003d2005 ua 101 0 $aeng 120 $ab|||||||||||| 121 $a||aa||||| 124 $ba 135 $aurcn||||||||| 181 $ccrd$2rdacontent 182 $cc$2rdamedia 183 $acr$2rdacarrier 200 10$aAtlas of the shallow-water benthic habitats of American Samoa, Guam, and the Commonwealth of the Northern Mariana Islands$b[electronic resource] /$fU.S. Department of Commerce, National Oceanic and Atmospheric Administration, National Ocean Service 210 1$a[Washington, D.C.] :$cU.S. Dept. of Commerce, National Oceanic and Atmospheric Administration, National Ocean Service, National Centers for Coastal Ocean Science, Center for Coastal Monitoring and Assessment, Biogeography Team,$d[2005] 215 $a1 atlas (126 pages) $cdigital, PDF file 225 1 $aNOAA technical memorandum NOS NCCOS ;$v8 300 $aTitle from title screen (viewed on Oct. 3, 2008). 300 $a"February 2005." 320 $aIncludes bibliographical references (page 12). 606 $aBenthos$xHabitat$zAmerican Samoa$vMaps 606 $aBenthos$xHabitat$zGuam$vMaps 606 $aCoral reefs and islands$zAmerican Samoa$vMaps 606 $aCoral reefs and islands$zGuam$vMaps 606 $aBanks (Oceanography)$zAmerican Samoa$vMaps 606 $aBanks (Oceanography)$zGuam$vMaps 608 $aRemote-sensing maps.$2lcgft 608 $aMaps.$2lcgft 615 0$aBenthos$xHabitat 615 0$aBenthos$xHabitat 615 0$aCoral reefs and islands 615 0$aCoral reefs and islands 615 0$aBanks (Oceanography) 615 0$aBanks (Oceanography) 676 $a912.967 712 02$aCenter for Coastal Monitoring and Assessment (U.S.).$bBiogeography Team. 801 0$bEJB 801 1$bEJB 801 2$bGPO 906 $aBOOK 912 $a9910698703503321 996 $aAtlas of the shallow-water benthic habitats of American Samoa, Guam, and the Commonwealth of the Northern Mariana Islands$93154481 997 $aUNINA